[Event "Penang op-B 9th"]
[Site "Penang"]
[Date "2017.12.04"]
[Round "1"]
[White "Pham, Minh Hieu"]
[Black "Choo, Xuan"]
[Result "1-0"]
[WhiteElo "1962"]
[BlackElo "1159"]
[PlyCount "53"]
[EventDate "2017.12.04"]
[EventType "swiss"]
[EventRounds "9"]
[EventCountry "MAS"]
[SourceTitle "CBM 182 Extra"]
[Source "ChessBase"]
[SourceDate "2018.02.23"]
[SourceVersion "1"]
[SourceVersionDate "2018.02.23"]
[SourceQuality "1"]

1. e4 e6 2. d4 d5 3. Nd2 c5 4. exd5 exd5 5. Ngf3 Nc6 6. Bb5 Bd7 7. 0-0 Bd6 8. dxc5 Bxc5 9. Nb3 Qb6 10. Qxd5 Qxb5 11. Qxc5 Qb6 12. Re1+ Nge7 13. Be3 Qc7 14. Bg5 Qd8 15. Nbd4 f6 16. Nxc6 bxc6 17. Bf4 Kf7 18. Bc7 Qf8 19. Bd6 Re8 20. Qc4+ Kg6 21. Rad1 Qf7 22. Nh4+ Kh6 23. Qxf7 Ng6 24. Nxg6 hxg6 25. Qxd7 Rd8 26. Qh3+ Kg5 27. f4# 1-0